000 00828cam a2200253 4500
001 ABS61613
008 000000n1999 000 0 eng u
035 _a(Sirsi) u101641
100 _aMorassutti, P.
245 _aForecasting income and property value
260 _c1999
490 _aThe Canadian Appraiser
_v(43) Fall 1999, 27-31(5)
520 _aHighlights potential problems in carrying out a discounted cash flow analysis, such as choosing an inaccurate discount rate, as looks at ways of testing the results to assess their reasonableness.
590 _aABS
650 _aDISCOUNTED CASH FLOW
650 _aDISCOUNT RATE
650 _aFORECASTING
650 _aTESTING
650 _aERRORS
650 _aHOLDING PERIOD
650 _aCASH FLOW ANALYSIS
690 _aRATING AND VALUATION
942 _n0
999 _c60769
_d60769